Coupling Characters Quiz Stats

 Plays Quiz Updated Nov 1, 2021

     
Support Sporcle.
Go Orange.
Score 0/7 Timer 03:00
0 Plays Today
Actor Character % Correct
Sarah AlexanderSusan Walker
82.7%
Richard CoyleJeff Murdock
80.5%
Jack DavenportSteve Taylor
80.4%
Ben MilesPatrick Maitland
77.7%
Gina BellmanJane Christie
76.7%
Kate IsittSally Harper
65.3%
Richard MylanOliver Morris
47.5%

From the Vault

Harry Potter Locations

by Hejman

Movies 5m
Let's take a tour of the magical world of Harry Potter.
Remove Ads.
Support Sporcle.
Get the best of Sporcle when you Go Orange. This ad-free experience offers more features, more stats, and more fun while also helping to support Sporcle. Thank you for becoming a member.

Show Comments

Extras

Top Quizzes Today


Score Distribution

Your Account Isn't Verified!

In order to create a playlist on Sporcle, you need to verify the email address you used during registration. Go to your Sporcle Settings to finish the process.

Report this User

Report this user for behavior that violates our Community Guidelines.

Details: